00000000nam##2200000za#4500
0019.648407
003CaOODSP
00520210927150317
007ta
008150407|2002||||xxc|||||     f|0| 0 eng|d
020 |a0-662-31352-6
040 |aCaOODSP|beng
043 |an-cn---
0861 |aR2-186/2001E
1101 |aCanada. |bIndian and Northern Affairs Canada.
24510|aResults of the survey on food quality in six isolated communities in Labrador, March 2001 / |cprepared by Luc L. Ladouceur and Frederick Hill.
260 |aOttawa - Ontario : |bIndian and Northern Affairs |c2002.
300 |av, 21p. : |bgraphs, tables ; |c28 cm.
500 |a"The survey gathered information on how satisfied both customers and retailers were with the quality and variety of perishable foods shipped to their communities. These communities included Black Tickle, Hopedale, Makkovik, Nain, Postville and Rigolet."--Executive summary.
5203 |aThe survey gathered information on how satisfied both customers and retailers were with the quality and variety of perishable foods shipped to their communities. These communities included Black Tickle, Hopedale, Makkovik, Nain, Postville and Rigolet.--Executive summary
563 |aSoftcover
590 |a02-08|b2002-02-22
69007|aFood|2gcpds
69007|aPublic opinion polls|2gcpds
69007|aNorthern Canada|2gcpds
7201 |aHill, Frederick
7201 |aLadouceur, Luc L.
77508|tRésultats du sondage sur la qualité des aliments dans six collectivités isolées du Labrador, mars 2001 / |w(CaOODSP)9.681693
7760#|tResults of the survey on food quality in six isolated communities in Labrador, March 2001 / |w(CaOODSP)9.698063